Science Quiz

Random Science or Anatomy Quiz

Forearm muscles (latin) Quiz Stats

 Plays Quiz not verified by Sporcle

Challenge
Share
Tweet
Score 0/19 Timer 08:00
0 Plays Today
% Correct
Musculus pronator teres
77.8%
Musculus supinator
77.8%
Musculus brachioradialis
66.7%
Musculus flexor carpi ulnaris
66.7%
Musculus flexor carpi radialis
55.6%
Musculus palmaris longus
55.6%
Musculus flexor digitorum superficialis
55.6%
Musculus flexor digitorum profundus
55.6%
Musculus flexor pollicis longus
55.6%
Musculus extensor carpi radialis brevis
55.6%
% Correct
Musculus extensor carpi radialis longus
55.6%
Musculus extensor digitorum
55.6%
Musculus extensor digiti minimi
55.6%
Musculus extensor carpi ulnaris
44.4%
Musculus abductor pollicis longus
44.4%
Musculus extensor pollicis longus
44.4%
Musculus extensor pollicis brevis
44.4%
Musculus extensor indicis
44.4%
Musculus pronator quadratus
33.3%

You're not logged in!

Compare scores with friends on all Sporcle quizzes.
OR
Log In

You Might Also Like...

Show Comments

Extras

Top Quizzes Today


Score Distribution

Your Account Isn't Verified!

In order to create a playlist on Sporcle, you need to verify the email address you used during registration. Go to your Sporcle Settings to finish the process.

Report this User

Report this user for behavior that violates our Community Guidelines.

Details: